000 00652nam a2200181 i 4500
001 100186
003 ES-MaACL
005 20250915063047.0
007 t|
008 050922s1977 zzz ||||1| spa d
100 1 _aMartínez-Val, José María,
_d1951-
_978458
245 1 0 _aMétodos de condensación de secciones eficaces para el análisis de reactores rápidos /
_cJosé María Martínez-Val Peñalosa.
260 _a[s.l. :
_bs.n.],
_c1977.
300 _a10 h. ;
_c27 cm.
500 _aEs fotocopia de Energía Nuclear. t. 21, nº 110. Nov-Dic. 1977. p. 387-396.
852 _aES-MaACL
_j2116-F-14
_bR.99844
999 _c100186
_d100186